000 00387nam a22001337a 4500
008 230621b xxu||||| |||| 00| 0 eng d
082 _a328.54
_bKAR
100 _cKaranata Legislature
245 _aHistory of Legislature
_bThe History of Karanata Legislature
_cThe Mysore representative Assembly
_hVolume 1
260 _aMysore
300 _a372p
440 _vvolume 1
942 _2ddc
_cBK
999 _c2238
_d2238